name the color by picture - Statistics

General Stats
  • This quiz has been taken 39 times
  • The average score is 11 of 12
Answer Stats
Picture Answer % Correct
blue
100%
brown
100%
green
100%
orange
100%
purple
100%
red
100%
yellow
100%
black
96%
pink
96%
gray
93%
white
93%
monkey
21%
No matching quizzes found
Score Distribution
Percent of People with Each Score
Percentile by Number Answered
Your Score History
You have not taken this quiz